[Event "COL-ch U10"]
[Site "Albania"]
[Date "2012.06.30"]
[Round "6.1"]
[White "Soto, Miguel Angel"]
[Black "Sanabria Hernandez, Daniel"]
[Result "1-0"]
[WhiteElo "1630"]
[BlackElo "1200"]
[PlyCount "35"]
[EventDate "2012.06.27"]
[EventType "tourn"]
[EventRounds "9"]
[EventCountry "COL"]
[SourceTitle "EXT 2024"]
[Source "ChessBase"]
[SourceDate "2023.10.10"]
[SourceVersion "1"]
[SourceVersionDate "2023.10.10"]
[SourceQuality "1"]

1. e4 e5 2. Nf3 Nc6 3. Bc4 Nf6 4. Ng5 Bc5 5. Nxf7 Qe7 6. Nxh8 Nh5 7. Bf7+ Kd8 8. Bxh5 b6 9. d3 Ba6 10. Nf7+ Kc8 11. Bg5 Qe8 12. Nd6+ Kb8 13. Nxe8 Bb4+ 14. c3 Bc5 15. Qf3 Bxd3 16. Qxd3 Na5 17. Qxd7 h6 18. Qxc7# 1-0

[Event "COL-ch U10"]
[Site "Albania"]
[Date "2012.06.28"]
[Round "2.3"]
[White "Sanabria Hernandez, Daniel"]
[Black "Corredor Castellanos, Camilo"]
[Result "0-1"]
[WhiteElo "1200"]
[BlackElo "1818"]
[PlyCount "54"]
[EventDate "2012.06.27"]
[EventType "tourn"]
[EventRounds "9"]
[EventCountry "COL"]
[SourceTitle "EXT 2024"]
[Source "ChessBase"]
[SourceDate "2023.10.10"]
[SourceVersion "1"]
[SourceVersionDate "2023.10.10"]
[SourceQuality "1"]

1. e4 e5 2. Bc4 Nc6 3. Qh5 g6 4. Qf3 Qf6 5. Qxf6 Nxf6 6. Nf3 Bh6 7. Nc3 d6 8. 0-0 Bg4 9. h3 Bxf3 10. gxf3 a6 11. Na4 b5 12. Nc3 bxc4 13. h4 Rb8 14. Rb1 Nd4 15. Re1 Nxf3+ 16. Kf1 Bxd2 17. Rd1 Bxc3 18. bxc3 Rxb1 19. a3 Nxe4 20. a4 c5 21. a5 Nxc3 22. Bd2 Rxd1+ 23. Be1 Rxe1+ 24. Kg2 Nxh4+ 25. Kh3 Rh1+ 26. Kg3 Ne4+ 27. Kg4 f5# 0-1